| 000 | 00990nam a2200301 a 4500 | ||
|---|---|---|---|
| 001 | 000045245 | ||
| 003 | DO-SdBNP | ||
| 005 | 20180326150413.0 | ||
| 007 | 000045245 | ||
| 008 | 150216s2014 dr a 000 j spa d | ||
| 020 | _a9789945175028 | ||
| 040 |
_aBPMSU _bspa _cBPMSU |
||
| 082 | 0 | 4 |
_aRD863.44 _bP328c |
| 100 | 1 |
_aPaulino, Lenin, _d1965- |
|
| 245 | 1 | 0 |
_aCuentos de verdad / _cLenin Paulino ; ilustraciones de Montserrat Ubach. |
| 260 |
_aSanto Domingo : _bEdiciones SM, _c2014. |
||
| 300 |
_a93 p. : _bil. ; _c19 cm. |
||
| 490 | 1 |
_aEl barco de vapor _v17 |
|
| 500 | _aIncluye datos biográficos del autor en la solapa de la contracubierta. | ||
| 650 | 4 | _aCUENTOS INFANTILES DOMINICANOS | |
| 650 | 4 | _aLITERATURA INFANTIL DOMINICANA | |
| 700 | 1 |
_aUbach, Montserrat _eil. |
|
| 830 | 0 |
_aEl barco de vapor ; _n17 |
|
| 910 | _aValidado. Control de calidad MFF | ||
| 942 |
_2ddc _cBK |
||
| 945 | _aRemanejado para la BNPHU / 2018 VM | ||
| 956 |
_aVMATEO _b10 _c20150914 _lBPMSU _h00151 |
||
| 999 |
_c7424 _d7424 |
||